000 00289nam a22001337a 4500
020 _a0-373-11857-0
082 _a823
_bDAR/J
100 _aDARCY, EMMA
245 _aJACK'S BABY
260 _aTORONTO
_bHARLEQUIN BOOKS
_c1997
300 _a186
650 _aNOVEL
_zNORTH AMERICA
942 _cBK
999 _c3005
_d3005